000 00815nam a2200241Ia 4500
003 OSt
005 20220923221414.0
006 a|||||r|||| 00| 0
007 ta
008 220922b |||||||| |||| 00| 0 hin d
024 _a197,508
037 _cTextual
040 _aARTS
_cARTS
_bhin
041 _2hin
_ahin
082 _aO152,8:g(Y15), N7
100 _aमाहेश्वरी, शैेेलजा
245 0 _aहिन्दी व्यंग्य साहित्य में नारी
246 _aHindī vyangya sāhitya mean nārī
260 _aकानपुर
_b विकास प्रका0
_c1997
300 _a232पृ.
_ccm.
942 _hO152,8:g(Y15), N7
_cTEXL
_2CC
999 _c349379
_d349379